| 000 | 00939nam a2200253Ia 4500 | ||
|---|---|---|---|
| 003 | OSt | ||
| 005 | 20221002044315.0 | ||
| 006 | a|||||r|||| 00| 0 | ||
| 007 | ta | ||
| 008 | 220930b |||||||| |||| 00| 0 hin d | ||
| 020 | _a8179440001 (hbk) | ||
| 024 | _a23933 | ||
| 037 |
_bgIFT, 14/01/2016, _cReference Collections |
||
| 040 |
_aCRL _cCRL _bhin |
||
| 041 |
_2hin _ahin |
||
| 082 | _aO152,1(Delta25)k, Q5.1-.15(RR) | ||
| 100 | _aमिश्र, रमेशचंद्र | ||
| 245 | 0 | _aसंत साहित्य संदर्भ कोश | |
| 260 |
_aनई _bदिल्ली संत साहित्य भारत भारत _c2015 |
||
| 490 | _vभाग 1 | ||
| 650 | _aहिन्दी साहित्य | ||
| 942 |
_hO152,1(Delta25)k, Q5.1-.15(RR) _cref _2CC |
||
| 999 |
_c910067 _d910067 |
||